000 00625nam a2200265Ia 4500
005 20260324152829.0
008 008 260324s9999 xx 000 0 eng d
020 _a9780128053218
037 _aEBOOK
040 _aCRL
040 _beng
040 _cCRL
041 _2eng
041 _aeng
084 _qCRL
100 _aD’Andrade, Brian D’Andrade, Brian
_91229866
245 4 _aThe Power Grid
260 _bElsevier
260 _c2017
650 _aEnergy
856 _uhttps://www.sciencedirect.com/science/book/9780128053218
942 _cEBOOK
999 _c1840788
_d1840788